000 00678nam a2200133Ia 4500
008 160809s9999 xx 000 0 und d
100 _aKusher, Jason.
245 _aDEMOGRAPHIC REPORT ON SPECIAL EDUCATION STUDENTS IN POSTSECONDARY EDUCATION: IMPLICATIONS FOR SCHOOL COUNSELORS AND EDUCATORS
245 _cJason Kushner, Jose Maldonado, Tresvil Pack, Buddy Hooper University of Arkansas at Little Rock, Monmouth University, University of Arkansas at Little Rock, Texas A & M University-Texarkana.
260 _bInternational Journal of Special Education
260 _c2011
650 _xSPECIAL EDUCATION
856 _uhttp://www.internationaljournalofspecialed.com/issues.php
999 _c300473
_d300473